| 000 | 03049cam a22006254i 4500 | ||
|---|---|---|---|
| 003 | PE-LiUPU | ||
| 005 | 20250731165506.0 | ||
| 008 | 150623s1997 ilu rb 000 0 eng d | ||
| 020 | _a0830817794 | ||
| 035 | _a(Sirsi) i9780830817795 | ||
| 040 |
_aPE-LiUPU _bspa _cPE-LiUPU _erda |
||
| 049 | _aPRUA | ||
| 082 | 0 | 4 |
_a225.03d _bD25 _221 |
| 245 | 0 | 0 |
_aDictionary of the Later New Testament and its developments / _ceditores, Ralph P. Martin, Peter H. Davids. |
| 264 | 1 |
_aDowners grove, Illinois : _bInterVarsity Press, _c1997. |
|
| 300 |
_a1289 páginas ; _c26 centímetros. |
||
| 336 |
_atext _2rdacontent |
||
| 337 |
_aunmediated _2rdamedia |
||
| 338 |
_avolume _2rdacarrier |
||
| 490 | 0 | _aA Compendium of Contemporary Biblical Scholarship | |
| 504 | _aIncluye bibliografía. | ||
| 505 | 0 | _aDictionary of the Later New Testament and its developments. | |
| 526 | _aSEG44 | ||
| 526 | _aSEG26 | ||
| 526 | _aP151 | ||
| 526 | _aP150 | ||
| 526 | _aP149 | ||
| 526 | _aP146 | ||
| 526 | _aP145 | ||
| 526 | _aP126 | ||
| 526 | _aP125 | ||
| 526 | _aP92 | ||
| 526 | _aP75 | ||
| 526 | _aP74 | ||
| 526 | _aP27 | ||
| 526 | _aP15 | ||
| 541 | _g01961-7000; | ||
| 630 |
_aBiblia. _pN.T. _pApocalipsis _vEnciclopedias. |
||
| 630 |
_aBiblia. _pN.T. _pEpístolas católicas _vEnciclopedias. |
||
| 630 |
_aBiblia. _pN.T. _pHebreos _vEnciclopedias. |
||
| 630 |
_aBiblia. _pN.T. _pHechos _vEnciclopedias. |
||
| 700 | 1 |
_aDavids, Peter H., _eed. |
|
| 700 | 1 |
_aMartin, Ralph P., _eed. |
|
| 942 |
_2ddc _cBOOK |
||
| 949 |
_aRC 225.03D D25 _wDEWEY _c1 _i47832 _d2015-9-9 _lCCODEBUL1 _mBUL _q1 _r0 _sY _tBOOK _u2015-6-24 _xTEOLOGIA _PP35 _0COMPRA _o.CIRCNOTE. No olvidar cambiar la fecha de devolución!!!!!!! _o.STAFF. Colección General |
||
| 949 |
_aRC 225.3D D25 _wDEWEY _c2 _i51504 _d2015-12-1 _lCCODEBUL1 _mBUL _p30.00 _q3 _r0 _sY _tBOOK _u2015-6-24 _xTEOLOGIA _PP35 _0COMPRA _o.CIRCNOTE. No olvidar cambiar la fecha de devolución!!!!!!! _o.STAFF. Colección General |
||
| 949 |
_aRC 225.3D D25 _wDEWEY _c3 _i58793 _lCCODEBUL1 _mBUL _p44.00 _r0 _sY _tBOOK _u2015-6-24 _xTEOLOGIA _PP35 _0COMPRA _o.CIRCNOTE. No olvidar cambiar la fecha de devolución!!!!!!! _o.STAFF. Colección General |
||
| 994 |
_aC0 _bPEPRU |
||
| 596 | _a1 | ||
| 999 |
_aRC 225.03D D25 _wDEWEY _c24305 _i47832 _d24305 _f2021-11-8 _g6 _lCCODEBUL1 _mBUL _p20.00 _q2 _r1 _sY _tBOOK _u2015-6-24 _xTEOLOGIA _PP35 _0COMPRA _o.CIRCNOTE. No olvidar cambiar la fecha de devolución!!!!!!! _o.STAFF. Colección Teología |
||
| 999 |
_aRC 225.3D D25 _wDEWEY _c2 _i51504 _d2020-1-8 _f2021-11-8 _g6 _lCCODEBUL1 _mBUL _p30.00 _q7 _r1 _sY _tBOOK _u2015-6-24 _xTEOLOGIA _PP35 _0COMPRA _o.CIRCNOTE. No olvidar cambiar la fecha de devolución!!!!!!! _o.STAFF. Colección Teología |
||
| 999 |
_aRC 225.3D D25 _wDEWEY _c3 _i58793 _d2019-1-11 _f2021-11-8 _g6 _lCCODEBUL1 _mBUL _p44.00 _q3 _r1 _sY _tBOOK _u2015-6-24 _xTEOLOGIA _PP35 _0COMPRA _o.CIRCNOTE. No olvidar cambiar la fecha de devolución!!!!!!! _o.STAFF. Colección General |
||
| 980 |
_81 _gALBERTO SANCHEZ Responsable de Automatización |
||